東京.遇見
| 資料類型: | 圖書 | 書目號: | 50766 |
Leader xxxxxxxxxx 005 __ 20161027120218.0 010 1_ |a9789888257287|b|d新臺幣350元 100 __ |a20161011d2016 g 0 101 __ |achi 102 __ |acc 105 __ |aa a 000yy 110 __ |ay z 200 1_ |a東京.遇見|e|f孫恩立著 205 __ |a| 210 __ |a香港 :|c天地圖書,|d民105[2016] 215 1_ |a235面 ;|c|d21公分 225 __ |a|v 300 __ |a 681 __ |a857.7| 700 1_ |a孫恩立|b|e著|4 702 __ |a|b|4 801 __ |btw-高雄餐旅 |